|
|
|
|
| LEADER |
00729nam a2200181 a 4500 |
| 008 |
100222r20082006enka b 001 0 eng d |
| 040 |
|
|
|a DLC
|c DLC
|d BD-DhAAL
|
| 082 |
0 |
0 |
|a 004/.33
|2 22
|
| 100 |
1 |
|
|a Williams, Rob.
|
| 245 |
1 |
0 |
|a Real-time systems development /
|c Rob Williams.
|
| 260 |
|
|
|a Boston, MA :
|b Elsevier,
|c 2006 [reprinted 2008].
|
| 300 |
|
|
|a xii, 455 p. :
|b ill. ;
|c 24 cm.
|
| 504 |
|
|
|a Includes bibliographical references and index.
|
| 541 |
1 |
|
|e 00019824
|
| 650 |
|
0 |
|a Real-time data processing.
|
| 852 |
4 |
|
|a Ayesha Abed Library
|j General Shelf
|
| 999 |
|
|
|c 7673
|d 7673
|
| 952 |
|
|
|0 0
|1 0
|2 ddc
|4 0
|6 004_330000000000000_WIL_2008
|7 0
|9 8399
|a BRACUL
|b BRACUL
|c GEN
|d 2010-02-22
|l 1
|m 6
|o 004.33 WIL
|p 3010019824
|r 2023-09-07
|s 2023-06-11
|t 1
|w 2010-02-22
|y BK
|